| 000 | 00962nac a22002897a 4500 | ||
|---|---|---|---|
| 001 | BR7700732 | ||
| 003 | BR-BrBNA | ||
| 005 | 20240105114024.0 | ||
| 008 | 230509b bl.|||m| |||| 00| 0 por d | ||
| 040 |
_aBR-BrBNA _bpor _cBiblioteca Nacional de Agricultura |
||
| 072 | _aH20 | ||
| 090 | _a2320 BR7700732 | ||
| 100 | 1 | _aAlbuquerque, F.C. de | |
| 100 | 1 | _aFerraz, S. | |
| 100 | 1 | _aSediyama, C.S. | |
| 110 | 1 | _aUniversidade Federal de Vicosa, MG (Brasil) | |
| 245 | 1 | _aInfluencia da tecnica de inoculacao e da concentracao de esporos na patogenicidade de Nectria haematococca f. sp. piperis sobre pimenta-do-reino | |
| 260 | 3 |
_aVicosa, MG (Brasil): _c1976. |
|
| 300 | _ap. 165-174 | ||
| 490 |
_aExperientiae (Brazil) _vv. 22(6) _xISSN 0014-4762 |
||
| 500 | _a8 ref.; Summaries (En, Pt) | ||
| 650 | _aPIMENTA DO REINO | ||
| 650 | _aFUNGO | ||
| 650 | _aDOENCA DE PLANTA | ||
| 909 |
_a202312 _bLúcia Elande _c55 _dLúcia Elande |
||
| 942 |
_2AGRIS _n0 _cMS |
||
| 999 |
_c266940 _d266940 |
||